New dictionary of scientific and technical terms (Record no. 297597)

000 -LEADER
fixed length control field 00214 a2200085 4500
001 - CONTROL NUMBER
control field 62524
090 ## - LOCALLY ASSIGNED LC-TYPE CALL NUMBER (OCLC); LOCAL CALL NUMBER (RLIN)
-- 37167
-- 37167
245 ## - TITLE STATEMENT
Title New dictionary of scientific and technical terms
260 ## - PUBLICATION, DISTRIBUTION, ETC.
Place of publication, distribution, etc. Lebanon
Name of publisher, distributor, etc. Librairie dul liban
Date of publication, distribution, etc. 1979
942 ## - ADDED ENTRY ELEMENTS (KOHA)
Institution code [OBSOLETE] NUST-CAE
Holdings
Withdrawn status Lost status Damaged status Not for loan Collection code Permanent Location Current Location Date acquired Total Checkouts Barcode Date last seen Price effective from Koha item type
          College of Aeronautical Engineering (CAE) College of Aeronautical Engineering (CAE) 04/03/2017   CAEG-6080 04/05/2017 04/05/2017 Book
© 2023 Central Library, National University of Sciences and Technology. All Rights Reserved.